संत तुकाराम आणि संत कबीर यांची बोधवचने. (Record no. 1337098)

MARC details
000 -LEADER
fixed length control field 00864nam a2200181Ia 4500
008 - FIXED-LENGTH DATA ELEMENTS--GENERAL INFORMATION
fixed length control field 151202s9999||||xx |||||||||||||| ||und||
082 ## - DEWEY DECIMAL CLASSIFICATION NUMBER
Item number PNVM-70589
100 ## - MAIN ENTRY--PERSONAL NAME
Personal name डा्रॅ.भिंगारकर कृ.ज्ञा.
245 ## - TITLE STATEMENT
Title संत तुकाराम आणि संत कबीर यांची बोधवचने.
260 ## - PUBLICATION, DISTRIBUTION, ETC. (IMPRINT)
Name of publisher, distributor, etc प्रणव प्रकाशन पुणे.
260 ## - PUBLICATION, DISTRIBUTION, ETC. (IMPRINT)
Date of publication, distribution, etc 70589
300 ## - PHYSICAL DESCRIPTION
Extent 222
600 ## - SUBJECT ADDED ENTRY--PERSONAL NAME
Personal name डा्रॅ.भिंगारकर कृ.ज्ञा.
630 ## - SUBJECT ADDED ENTRY--UNIFORM TITLE
Uniform title संत तुकाराम आणि संत कबीर यांची बोधवचने.
700 ## - ADDED ENTRY--PERSONAL NAME
Personal name डा्रॅ.भिंगारकर कृ.ज्ञा.
730 ## - ADDED ENTRY--UNIFORM TITLE
Uniform title संत तुकाराम आणि संत कबीर यांची बोधवचने.
942 ## - ADDED ENTRY ELEMENTS (KOHA)
Koha item type Book
Holdings
Withdrawn status Lost status Damaged status Not for loan Home library Current library Date acquired Cost, normal purchase price Total Checkouts Full call number Barcode Date last seen Cost, replacement price Price effective from Koha item type
        Pune Nagar Vachan Mandir, Pune Pune Nagar Vachan Mandir, Pune 06/21/2015 0.00   PNVM-70589 PNVM-70589 12/02/2015 0.00 12/02/2015 Book